[Event "72nd RUS-ch Higher League 2019"]
[Site "Yaroslavl"]
[Date "2019.06.30"]
[Round "4.15"]
[White "Bimiev, Ahmad"]
[Black "Rakhmanov, Aleksandr"]
[Result "0-1"]
[WhiteElo "2238"]
[BlackElo "2615"]
[Annotator "RC"]
[PlyCount "108"]
[EventDate "2019.06.27"]
[EventType "swiss"]
[EventCountry "RUS"]
[SourceTitle "playchess.com"]
[Source "ChessBase"]
[SourceQuality "1"]
[TimeControl "40/5400+30:1800+30"]

1. c4 {[%emt 0:00:00]} g6 {[%emt 0:00:09]} 2. g3 {[%emt 0:00:14]} Bg7 {[%emt 0:01:10]} 3. Bg2 {[%emt 0:00:11]} e6 {[%emt 0:01:23]} 4. Nc3 {[%emt 0:00:20]} Ne7 {[%emt 0:00:38]} 5. d4 {[%emt 0:13:55]} d5 {[%emt 0:01:06]} 6. cxd5 {[%emt 0:00:48]} exd5 {[%emt 0:00:26]} 7. h4 {[%emt 0:01:31]} h6 {[%emt 0:05:47]} 8. Bf4 {[%emt 0:02:49]} c6 {[%emt 0:01:10]} 9. Qd2 {[%emt 0:00:40]} Bf5 {[%emt 0:03:44]} 10. Nf3 {[%emt 0:06:01]} Nd7 {[%emt 0:01:06]} 11. O-O {[%emt 0:00:15]} Nb6 {[%emt 0:05:54]} 12. b3 {[%emt 0:00:43]} f6 {[%emt 0:00:53]} 13. a4 {[%emt 0:34:12]} g5 {[%emt 0:02:38]} 14. Be3 {[%emt 0:01:35]} a5 {[%emt 0:07:26]} 15. Rae1 {[%emt 0:07:45]} Qd7 {[%emt 0:04:53]} 16. Kh2 {[%emt 0:00:02]} Nbc8 {[%emt 0:05:40]} 17. Ng1 {[%emt 0:00:42]} Ng6 {[%emt 0:05:04]} 18. h5 {[%emt 0:02:35]} Nge7 {[%emt 0:05:59]} 19. f3 {[%emt 0:00:04]} O-O {[%emt 0:03:21]} 20. Bf2 {[%emt 0:02:31]} Be6 {[%emt 0:01:53]} 21. e4 {[%emt 0:02:53]} dxe4 {[%emt 0:01:59]} 22. Nxe4 {[%emt 0:00:11]} b6 {[%emt 0:00:59]} 23. Qd3 {[%emt 0:03:20]} Nd5 {[%emt 0:10:43]} 24. Ne2 {[%emt 0:01:18]} f5 {[%emt 0:05:43]} 25. Nd2 {[%emt 0:02:30]} Qf7 {[%emt 0:00:09]} 26. Nc3 {[%emt 0:02:59]} Qxh5+ {[%emt 0:02:36]} 27. Kg1 {[%emt 0:00:01]} Qf7 {[%emt 0:00:32]} 28. Qe2 {[%emt 0:02:04]} Re8 {[%emt 0:10:41]} 29. Nxd5 {[%emt 0:00:13]} cxd5 {[%emt 0:00:08]} 30. f4 {[%emt 0:00:05]} Nd6 {[%emt 0:00:22]} 31. fxg5 {[%emt 0:03:15]} hxg5 {[%emt 0:00:56]} 32. Nc4 {[%emt 0:00:27]} Rad8 {[%emt 0:03:43]} 33. Nxd6 {[%emt 0:01:05]} Rxd6 {[%emt 0:00:12]} 34. Qd2 {[%emt 0:01:20]} Qh5 {[%emt 0:01:44]} 35. b4 {[%emt 0:00:26]} Kf7 {[%emt 0:00:20]} 36. Be3 {[%emt 0:03:43]} axb4 {[%emt 0:00:56]} 37. Bxg5 {[%emt 0:02:05]} Bxd4+ {[%emt 0:00:32]} 38. Qxd4 {[%emt 0:00:03]} Qxg5 {[%emt 0:00:05]} 39. Qxb4 {[%emt 0:01:15]} Rc6 {[%emt 0:01:00]} 40. Qb3 {[%emt 0:00:00]} Qd2 {[%emt 0:00:00]} 41. Rxe6 {[%emt 0:10:16]} Rexe6 {[%emt 0:22:30]} 42. Bxd5 {[%emt 0:05:06]} Rc3 {[%emt 0:02:05]} 43. Bxe6+ {[%emt 0:00:18]} Kg7 {[%emt 0:00:25]} 44. Rf2 {[%emt 0:04:18]} Qe1+ {[%emt 0:01:43]} 45. Kg2 {[%emt 0:00:03]} Qe4+ {[%emt 0:01:19]} 46. Kh2 {[%emt 0:00:37]} Rxb3 {[%emt 0:01:24]} 47. Bxb3 {[%emt 0:00:01]} Qe3 {[%emt 0:00:37]} 48. Rb2 {[%emt 0:00:04]} Qc3 {[%emt 0:06:31]} 49. Rb1 {[%emt 0:00:01]} Kf6 {[%emt 0:01:15]} 50. Bd1 {[%emt 0:00:37]} Kg5 {[%emt 0:01:22]} 51. Kh3 {[%emt 0:04:38]} Qd3 {[%emt 0:00:14]} 52. Ra1 {[%emt 0:02:43]} f4 {[%emt 0:00:29]} 53. Kh2 {[%emt 0:00:22]} fxg3+ {[%emt 0:01:43]} 54. Kg2 {[%emt 0:00:06]} Qd2+ {[%emt 0:00:09]} 0-1

[Event "72nd RUS-ch Higher League 2019"]
[Site "Yaroslavl"]
[Date "2019.06.30"]
[Round "4.16"]
[White "Drygalov, Andrey"]
[Black "Kokarev, Dmitry"]
[Result "1/2-1/2"]
[WhiteElo "2494"]
[BlackElo "2609"]
[Annotator "TA"]
[PlyCount "81"]
[EventDate "2019.06.27"]
[EventType "swiss"]
[EventCountry "RUS"]
[SourceTitle "playchess.com"]
[Source "ChessBase"]
[SourceQuality "1"]

{[%evp 17,81,33,37,12,16,25,24,17,27,25,42,36,35,0,0,0,12,14,14,18,18,2,4,14,22,1,54,13,8,7,8,8,18,12,16,16,54,54,49,29,37,43,44,29,31,31,31,31,31,32,33,29,29,29,40,40,40,0,34,0,40,0,41,0,41,0]} 1. e4 c5 2. Nf3 d6 3. d4 cxd4 4. Nxd4 Nf6 5. Nc3 a6 6. f3 e5 7. Nb3 Be6 8. Be3 h5 9. Qd2 $146 ({Predecessor:} 9. Nd5 Bxd5 10. exd5 Nbd7 {½-½ (35) Leko,P (2679)-Areshchenko,A (2645) Germany 2017}) 9... Nbd7 {[%cal Bb8d7,Bd7b6,Bb6d5][%mdl 32]} 10. Nd5 {B90: Sicilian Najdorf: Unusual White 6th moves, 6 Be3 Ng4 and 6 Be3 e5} Bxd5 11. exd5 g6 12. O-O-O {White has an edge.} Nb6 13. Kb1 Nbxd5 14. Bg5 {Black must now prevent Qxd5!} Be7 15. Bd3 Qc7 16. Rhe1 O-O-O 17. c4 Nf4 $1 18. Bxf4 exf4 19. Qxf4 {Threatening c5.} Rhe8 20. Rc1 Kb8 21. Re2 Rc8 (21... d5 $1 $11 22. Qxc7+ Kxc7) 22. Rce1 d5 23. Qxc7+ Rxc7 24. Nd2 Ng8 25. cxd5 {[#] aiming for d6!} Rd8 26. Bc4 Bb4 {Strongly threatening ...Bxd2.} 27. Bb3 $1 Nf6 28. Rd1 Re7 29. Rxe7 Bxe7 30. Ne4 Nxe4 31. fxe4 $11 {[%mdl 4096] Endgame KRB-KRB} Bd6 32. h3 Re8 33. Bc2 Kc7 34. Rf1 Re7 35. Bd3 Be5 36. Rc1+ Kd8 37. Rf1 Kc7 38. Rc1+ Kd8 39. Rf1 Kc7 40. Rc1+ Kd8 41. Rf1 {Accuracy: White = 53%, Black = 67%.} 1/2-1/2

[Event "72nd RUS-ch Higher League 2019"]
[Site "Yaroslavl"]
[Date "2019.06.30"]
[Round "4.17"]
[White "Pridorozhni, Aleksei"]
[Black "Yanchenko, Roman"]
[Result "1-0"]
[WhiteElo "2588"]
[BlackElo "2478"]
[Annotator "ChessBase"]
[PlyCount "191"]
[EventDate "2019.06.27"]
[EventType "swiss"]
[EventCountry "RUS"]
[SourceTitle "playchess.com"]
[Source "ChessBase"]
[SourceQuality "1"]
[TimeControl "40/5400+30:1800+30"]

1. e4 {[%emt 0:00:00]} e6 {[%emt 0:00:00]} 2. d4 {[%emt 0:00:17]} d5 {[%emt 0:00:00]} 3. Nc3 {[%emt 0:00:16]} Bb4 {[%emt 0:00:00]} 4. e5 {[%emt 0:00:08]} Ne7 {[%emt 0:00:00]} 5. a3 {[%emt 0:00:14]} Bxc3+ {[%emt 0:00:00]} 6. bxc3 {[%emt 0:00:07]} b6 {[%emt 0:00:00]} 7. Qg4 {[%emt 0:00:54]} Kf8 {[%emt 0:00:01]} 8. a4 {[%emt 0:00:46]} Ba6 {[%emt 0:00:05]} 9. Bxa6 {[%emt 0:01:28]} Nxa6 {[%emt 0:00:04]} 10. Ne2 {[%emt 0:01:11]} c5 {[%emt 0:00:24]} 11. O-O {[%emt 0:00:24]} Rc8 {[%emt 0:04:38]} 12. Bg5 {[%emt 0:05:11]} h6 {[%emt 0:00:11]} 13. Bxe7+ Qxe7 {[%emt 0:09:24]} 14. c4 {[%emt 0:01:06]} dxc4 15. d5 {[%emt 0:06:22]} Nb4 {[%emt 0:00:45]} 16. Nf4 {[%emt 0:03:31]} Qg5 {[%emt 0:08:58]} 17. Qf3 {[%emt 0:01:55]} Kg8 {[%emt 0:00:05]} 18. dxe6 {[%emt 0:00:42]} fxe6 {[%emt 0:06:48]} 19. Nxe6 {[%emt 0:04:27]} Qe7 {[%emt 0:09:54]} 20. Nf4 {[%emt 0:03:22]} Nxc2 {[%emt 0:00:24]} 21. Rac1 {[%emt 0:29:26]} Nd4 {[%emt 0:00:06]} 22. Qe4 {[%emt 0:00:05]} Qf7 {[%emt 0:11:12]} 23. Rfe1 {[%emt 0:07:04]} g5 {[%emt 0:10:52]} 24. Nd5 {[%emt 0:12:32]} Kg7 {[%emt 0:00:48]} 25. Rxc4 {[%emt 0:00:49]} Rcd8 {[%emt 0:08:39]} 26. Rxd4 {[%emt 0:02:29]} cxd4 {[%emt 0:00:05]} 27. e6 {[%emt 0:00:05]} Qg6 {[%emt 0:05:16]} 28. Qxd4+ {[%emt 0:03:25]} Kh7 {[%emt 0:00:09]} 29. Nf6+ {[%emt 0:01:04]} Kg7 {[%emt 0:00:02]} 30. Nd7+ {[%emt 0:00:30]} Kh7 {[%emt 0:00:28]} 31. e7 {[%emt 0:01:35]} Rxd7 {[%emt 0:01:20]} 32. Qxd7 {[%emt 0:00:06]} Re8 {[%emt 0:00:15]} 33. h3 {[%emt 0:00:12]} Kg7 {[%emt 0:03:16]} 34. Re6 {[%emt 0:01:12]} Qb1+ {[%emt 0:00:18]} 35. Kh2 {[%emt 0:00:05]} Qf5 {[%emt 0:00:05]} 36. Qd4+ {[%emt 0:03:09]} Kf7 {[%emt 0:00:40]} 37. Rxh6 {[%emt 0:00:57]} Rxe7 {[%emt 0:00:13]} 38. Rc6 {[%emt 0:04:34]} Rd7 {[%emt 0:04:06]} 39. Qe3 {[%emt 0:01:12]} Re7 {[%emt 0:01:09]} 40. Qd4 {[%emt 0:00:00]} Rd7 {[%emt 0:00:00]} 41. Qc4+ {[%emt 0:06:57]} Kg7 {[%emt 0:02:36]} 42. Qc3+ {[%emt 0:00:31]} Kf7 {[%emt 0:00:08]} 43. Qb3+ {[%emt 0:00:18]} Kg7 {[%emt 0:00:51]} 44. Qg3 {[%emt 0:01:18]} Rf7 {[%emt 0:04:04]} 45. Rc4 {[%emt 0:01:28]} Kh6 {[%emt 0:03:10]} 46. f3 {[%emt 0:00:52]} Qd5 47. Rg4 Rf5 {[%emt 0:02:07]} 48. Re4 {[%emt 0:04:00]} Qf7 {[%emt 0:01:13]} 49. Qb8 {[%emt 0:01:49]} Kg7 50. Rg4 {[%emt 0:01:54]} Kh7 {[%emt 0:03:42]} 51. Rd4 {[%emt 0:02:49]} Rd5 {[%emt 0:01:33]} 52. Rxd5 {[%emt 0:01:25]} Qxd5 {[%emt 0:00:00]} 53. Qxa7+ {[%emt 0:01:46]} Kg8 {[%emt 0:00:16]} 54. Qb8+ {[%emt 0:00:08]} Kh7 {[%emt 0:00:05]} 55. Qc7+ {[%emt 0:00:57]} Kg8 {[%emt 0:00:04]} 56. Qxb6 Qe5+ {[%emt 0:00:03]} 57. Kh1 {[%emt 0:00:35]} Qa1+ {[%emt 0:00:02]} 58. Qg1 {[%emt 0:00:00]} Qxa4 {[%emt 0:00:12]} 59. Qe3 {[%emt 0:00:08]} Qd1+ {[%emt 0:00:03]} 60. Kh2 {[%emt 0:00:22]} Qd6+ {[%emt 0:01:05]} 61. Kg1 Qg3 62. Qe7 {[%emt 0:01:14]} Qf4 {[%emt 0:00:54]} 63. Qe6+ {[%emt 0:00:48]} Kg7 {[%emt 0:00:00]} 64. Qg4 {[%emt 0:00:07]} Qc1+ {[%emt 0:00:05]} 65. Kh2 Kf6 66. h4 {[%emt 0:01:03]} gxh4 {[%emt 0:00:34]} 67. Qxh4+ {[%emt 0:00:04]} Kg6 {[%emt 0:00:04]} 68. Qe4+ {[%emt 0:00:14]} Kh6 {[%emt 0:00:14]} 69. Kg3 {[%emt 0:00:22]} Qg5+ {[%emt 0:00:14]} 70. Qg4 {[%emt 0:00:08]} Qa5 {[%emt 0:00:04]} 71. Qe6+ {[%emt 0:00:26]} Kh5 {[%emt 0:00:09]} 72. Kh3 {[%emt 0:00:45]} Qa1 {[%emt 0:01:14]} 73. Qf5+ {[%emt 0:01:28]} Kh6 {[%emt 0:00:02]} 74. Qe4 {[%emt 0:00:09]} Qh1+ {[%emt 0:00:17]} 75. Kg3 {[%emt 0:00:04]} Qa1 {[%emt 0:00:05]} 76. f4 {[%emt 0:00:21]} Qg7+ {[%emt 0:00:20]} 77. Kh3 {[%emt 0:00:14]} Qc3+ {[%emt 0:00:35]} 78. g3 {[%emt 0:00:14]} Qf6 {[%emt 0:01:11]} 79. f5 {[%emt 0:00:19]} Qa1 {[%emt 0:00:53]} 80. Qe6+ {[%emt 0:01:35]} Kg7 {[%emt 0:00:01]} 81. Qe7+ {[%emt 0:02:32]} Kh6 {[%emt 0:00:21]} 82. Qe3+ {[%emt 0:00:17]} Kg7 {[%emt 0:00:05]} 83. g4 {[%emt 0:00:19]} Qf6 {[%emt 0:00:27]} 84. Kg3 {[%emt 0:00:35]} Qd6+ {[%emt 0:00:16]} 85. Qf4 {[%emt 0:00:13]} Qd1 {[%emt 0:01:12]} 86. Qe5+ {[%emt 0:00:26]} Kf7 {[%emt 0:00:03]} 87. Qc7+ {[%emt 0:01:46]} Kf6 {[%emt 0:00:13]} 88. Qc3+ {[%emt 0:00:14]} Kf7 {[%emt 0:00:03]} 89. Kh4 {[%emt 0:00:26]} Qd8+ {[%emt 0:01:23]} 90. g5 {[%emt 0:00:24]} Kg8 {[%emt 0:00:30]} 91. Qe5 {[%emt 0:00:53]} Qa8 {[%emt 0:00:16]} 92. Kg3 {[%emt 0:01:10]} Qa3+ {[%emt 0:00:19]} 93. Kg4 {[%emt 0:00:46]} Qa8 {[%emt 0:00:15]} 94. Qe7 {[%emt 0:01:25]} Qg2+ {[%emt 0:06:32]} 95. Kh5 {[%emt 0:00:25]} Qe2+ {[%emt 0:00:03]} 96. Qxe2 {[%emt 0:00:05]} 1-0

[Event "72nd RUS-ch Higher League 2019"]
[Site "Yaroslavl"]
[Date "2019.06.30"]
[Round "4.18"]
[White "Romanov, Evgeny"]
[Black "Eraschenkov, Denis"]
[Result "1/2-1/2"]
[WhiteElo "2577"]
[BlackElo "2379"]
[Annotator "ChessBase"]
[PlyCount "90"]
[EventDate "2019.06.27"]
[EventType "swiss"]
[EventCountry "RUS"]
[SourceTitle "playchess.com"]
[Source "ChessBase"]
[SourceQuality "1"]
[TimeControl "40/5400+30:1800+30"]

1. d4 {[%emt 0:03:25]} Nf6 {[%emt 0:00:00]} 2. Nf3 {[%emt 0:00:11]} g6 {[%emt 0:00:23]} 3. Bg5 {[%emt 0:00:10]} Bg7 {[%emt 0:00:16]} 4. Nbd2 {[%emt 0:00:10]} d6 {[%emt 0:01:49]} 5. c3 {[%emt 0:00:30]} O-O {[%emt 0:06:09]} 6. e3 {[%emt 0:00:17]} Nbd7 {[%emt 0:05:45]} 7. Bd3 {[%emt 0:00:24]} e5 {[%emt 0:07:38]} 8. O-O {[%emt 0:01:08]} c6 {[%emt 0:12:03]} 9. a4 {[%emt 0:02:13]} Qc7 {[%emt 0:01:13]} 10. e4 {[%emt 0:04:20]} h6 {[%emt 0:02:06]} 11. Bh4 {[%emt 0:00:30]} Nh5 {[%emt 0:01:52]} 12. Re1 {[%emt 0:02:09]} Re8 {[%emt 0:04:53]} 13. Bf1 {[%emt 0:02:57]} Nf4 {[%emt 0:08:31]} 14. Nc4 {[%emt 0:03:49]} Nb6 {[%emt 0:01:10]} 15. Nfd2 {[%emt 0:08:50]} Nxc4 {[%emt 0:03:26]} 16. Nxc4 {[%emt 0:00:16]} exd4 {[%emt 0:11:38]} 17. cxd4 {[%emt 0:05:30]} Be6 {[%emt 0:03:19]} 18. Ne3 {[%emt 0:14:02]} Bd7 {[%emt 0:08:46]} 19. Nc2 {[%emt 0:04:46]} Rac8 {[%emt 0:10:24]} 20. Qd2 {[%emt 0:04:57]} Ne6 {[%emt 0:00:23]} 21. b4 {[%emt 0:03:26]} c5 {[%emt 0:02:05]} 22. bxc5 {[%emt 0:02:05]} dxc5 {[%emt 0:00:18]} 23. d5 {[%emt 0:00:59]} Qf4 {[%emt 0:00:59]} 24. Qxf4 {[%emt 0:05:24]} Nxf4 {[%emt 0:00:05]} 25. Ra3 {[%emt 0:00:14]} c4 {[%emt 0:00:43]} 26. f3 {[%emt 0:03:31]} Nd3 {[%emt 0:03:29]} 27. Rd1 {[%emt 0:08:58]} f5 {[%emt 0:01:11]} 28. exf5 {[%emt 0:02:39]} Bxf5 {[%emt 0:00:15]} 29. g4 {[%emt 0:00:53]} Nb2 {[%emt 0:00:44]} 30. Rc1 {[%emt 0:01:36]} Bd7 {[%emt 0:00:15]} 31. a5 {[%emt 0:02:18]} Re5 {[%emt 0:01:02]} 32. Bf2 {[%emt 0:06:26]} Nd3 {[%emt 0:01:10]} 33. Rd1 {[%emt 0:00:23]} Nxf2 {[%emt 0:00:54]} 34. Kxf2 {[%emt 0:00:01]} Rc5 {[%emt 0:01:03]} 35. d6 {[%emt 0:02:48]} Rxa5 {[%emt 0:00:42]} 36. Bxc4+ {[%emt 0:00:27]} Kf8 {[%emt 0:00:10]} 37. Rxa5 {[%emt 0:01:22]} Rxa5 {[%emt 0:00:02]} 38. Bd5 {[%emt 0:01:52]} b6 {[%emt 0:00:47]} 39. Ne3 {[%emt 0:00:55]} Rc5 {[%emt 0:00:46]} 40. f4 {[%emt 0:00:00]} b5 {[%emt 0:00:00]} 41. f5 {[%emt 0:03:16]} gxf5 {[%emt 0:21:40]} 42. gxf5 {[%emt 0:00:19]} Be5 {[%emt 0:02:09]} 43. Be6 {[%emt 0:13:13]} Ke8 {[%emt 0:00:34]} 44. Nd5 {[%emt 0:03:25]} Kd8 {[%emt 0:02:37]} 45. Ke3 {[%emt 0:06:04]} Rc4 {[%emt 0:05:02] Ke4} 1/2-1/2

[Event "72nd RUS-ch Higher League 2019"]
[Site "Yaroslavl"]
[Date "2019.06.30"]
[Round "4.19"]
[White "Nozdrachev, Vladislav"]
[Black "Frolyanov, Dmitry"]
[Result "0-1"]
[WhiteElo "2481"]
[BlackElo "2538"]
[Annotator "ChessBase"]
[PlyCount "92"]
[EventDate "2019.06.27"]
[EventType "swiss"]
[EventCountry "RUS"]
[SourceTitle "playchess.com"]
[Source "ChessBase"]
[SourceQuality "1"]
[TimeControl "40/5400+30:1800+30"]

1. e4 {[%emt 0:00:00]} c5 {[%emt 0:00:00]} 2. Nf3 {[%emt 0:00:00]} Nc6 {[%emt 0:00:00]} 3. Bb5 {[%emt 0:00:00]} g6 {[%emt 0:00:00]} 4. O-O {[%emt 0:00:01]} Bg7 {[%emt 0:00:00]} 5. Re1 {[%emt 0:00:36]} e5 {[%emt 0:00:37]} 6. Bxc6 {[%emt 0:00:06]} dxc6 {[%emt 0:00:07]} 7. d3 {[%emt 0:00:10]} Qe7 {[%emt 0:00:26]} 8. a4 {[%emt 0:00:08]} a5 {[%emt 0:00:45]} 9. Na3 {[%emt 0:01:36]} Nf6 {[%emt 0:01:54]} 10. Bg5 {[%emt 0:00:34]} Qc7 {[%emt 0:09:46]} 11. Nc4 {[%emt 0:03:02]} Nh5 {[%emt 0:01:48]} 12. Be3 {[%emt 0:00:48]} b6 {[%emt 0:04:09]} 13. b4 {[%emt 0:00:33]} cxb4 {[%emt 0:24:10]} 14. Bxb6 {[%emt 0:03:24]} Qe7 {[%emt 0:00:29]} 15. d4 {[%emt 0:02:14]} exd4 {[%emt 0:02:59]} 16. e5 {[%emt 0:00:28]} O-O {[%emt 0:00:46]} 17. Qxd4 {[%emt 0:02:24]} Qd7 {[%emt 0:09:32]} 18. Bc5 {[%emt 0:01:42]} Rd8 {[%emt 0:12:53]} 19. Nb6 {[%emt 0:03:33]} Qe8 {[%emt 0:03:50]} 20. Qe3 {[%emt 0:00:51]} Bd7 {[%emt 0:07:50]} 21. Nxa8 {[%emt 0:00:32]} Rxa8 {[%emt 0:00:03]} 22. Nd4 {[%emt 0:01:25]} Bh8 {[%emt 0:00:30]} 23. c3 {[%emt 0:02:13]} bxc3 {[%emt 0:00:23]} 24. Rac1 {[%emt 0:00:30]} Ng7 {[%emt 0:00:20]} 25. Rxc3 {[%emt 0:02:02]} Ne6 {[%emt 0:00:36]} 26. Rc2 {[%emt 0:06:00]} Bg7 {[%emt 0:01:12]} 27. Nxe6 {[%emt 0:00:24]} Bxe6 {[%emt 0:00:06]} 28. Rb2 {[%emt 0:00:11]} h5 {[%emt 0:01:11]} 29. Rb7 {[%emt 0:03:15]} Bd5 {[%emt 0:00:42]} 30. Qf4 {[%emt 0:04:05]} Rb8 {[%emt 0:02:31]} 31. Re7 {[%emt 0:08:03]} Qd8 {[%emt 0:00:10]} 32. h3 {[%emt 0:00:35]} Be6 {[%emt 0:03:11]} 33. Bd6 {[%emt 0:00:12]} Rb2 {[%emt 0:03:25]} 34. Qd4 {[%emt 0:00:48]} Rb4 {[%emt 0:01:50]} 35. Qd1 {[%emt 0:03:59]} Rb2 {[%emt 0:00:58]} 36. Qc1 {[%emt 0:01:44]} Qb6 {[%emt 0:00:28]} 37. Re8+ {[%emt 0:00:10]} Kh7 {[%emt 0:00:10]} 38. Bc5 {[%emt 0:00:05]} Qb3 {[%emt 0:00:36]} 39. Bf8 {[%emt 0:00:19]} Rc2 {[%emt 0:02:16]} 40. Qg5 {[%emt 0:00:00]} Bxf8 {[%emt 0:00:00]} 41. Rxf8 {[%emt 0:15:14]} Qb4 {[%emt 0:01:17]} 42. Rxf7+ {[%emt 0:00:13]} Bxf7 {[%emt 0:00:05]} 43. Rd1 {[%emt 0:00:09]} Bd5 {[%emt 0:04:02]} 44. Qf6 {[%emt 0:02:21]} Qb7 {[%emt 0:01:58]} 45. f3 {[%emt 0:03:24]} Qg7 {[%emt 0:02:20]} 46. Qd6 {[%emt 0:00:19]} Re2 {[%emt 0:00:22]} 0-1

[Event "72nd RUS-ch Higher League 2019"]
[Site "Yaroslavl"]
[Date "2019.06.30"]
[Round "4.20"]
[White "Belozerov, Andrei"]
[Black "Rychkov, Oleg"]
[Result "1-0"]
[WhiteElo "2533"]
[BlackElo "2409"]
[Annotator "ChessBase"]
[PlyCount "73"]
[EventDate "2019.06.27"]
[EventType "swiss"]
[EventCountry "RUS"]
[SourceTitle "playchess.com"]
[Source "ChessBase"]
[SourceQuality "1"]
[TimeControl "40/5400+30:1800+30"]

1. e4 {[%emt 0:00:00]} c5 {[%emt 0:00:00]} 2. Nf3 {[%emt 0:00:00]} Nc6 {[%emt 0:00:00]} 3. d4 {[%emt 0:00:08]} cxd4 {[%emt 0:00:00]} 4. Nxd4 {[%emt 0:00:06]} Nf6 {[%emt 0:00:04]} 5. Nc3 {[%emt 0:00:13]} e5 {[%emt 0:00:10]} 6. Ndb5 {[%emt 0:00:12]} d6 {[%emt 0:00:11]} 7. Bg5 {[%emt 0:00:30]} a6 {[%emt 0:00:09]} 8. Na3 {[%emt 0:00:08]} b5 {[%emt 0:00:04]} 9. Nd5 {[%emt 0:00:18]} Be7 {[%emt 0:00:08]} 10. Bxf6 {[%emt 0:00:07]} Bxf6 {[%emt 0:00:04]} 11. c3 {[%emt 0:00:07]} O-O {[%emt 0:00:32]} 12. Nc2 {[%emt 0:00:46]} Bg5 {[%emt 0:00:12]} 13. a4 {[%emt 0:00:47]} bxa4 {[%emt 0:02:01]} 14. Rxa4 {[%emt 0:00:08]} a5 {[%emt 0:01:21]} 15. Bc4 {[%emt 0:01:49]} Rb8 {[%emt 0:01:19]} 16. b3 {[%emt 0:03:14]} Kh8 {[%emt 0:03:04]} 17. Nce3 {[%emt 0:04:38]} g6 {[%emt 0:02:27]} 18. h4 Bxh4 {[%emt 0:03:35]} 19. g3 {[%emt 0:05:34]} Bg5 {[%emt 0:04:45]} 20. f4 {[%emt 0:00:20]} exf4 {[%emt 0:00:05]} 21. gxf4 {[%emt 0:00:15]} Bh4+ 22. Kf1 f5 {[%emt 0:07:51]} 23. Ra2 {[%emt 0:04:24]} fxe4 {[%emt 0:01:34]} 24. Rah2 {[%emt 0:01:15]} g5 {[%emt 0:00:11]} 25. Qh5 {[%emt 0:07:20]} Ne5 {[%emt 0:12:49]} 26. Ke2 {[%emt 0:01:48]} Nxc4 {[%emt 0:00:30]} 27. fxg5 {[%emt 0:01:01]} Nxe3 {[%emt 0:00:38]} 28. Rxh4 {[%emt 0:02:57]} Rb7 {[%emt 0:01:36]} 29. Kxe3 {[%emt 0:04:10]} Rf3+ {[%emt 0:02:32]} 30. Kxe4 {[%emt 0:11:10]} Rff7 {[%emt 0:01:13]} 31. g6 {[%emt 0:01:11]} Bf5+ {[%emt 0:08:03]} 32. Qxf5 {[%emt 0:03:49]} Rxf5 {[%emt 0:01:46]} 33. Rxh7+ {[%emt 0:00:46]} Rxh7 {[%emt 0:00:05]} 34. Rxh7+ {[%emt 0:00:10]} Kg8 {[%emt 0:00:01]} 35. Kxf5 {[%emt 0:01:38]} Qc8+ {[%emt 0:00:31]} 36. Kf6 {[%emt 0:00:38]} Qf8+ {[%emt 0:01:13]} 37. Rf7 {[%emt 0:00:37]} 1-0

[Event "72nd RUS-ch Higher League 2019"]
[Site "Yaroslavl"]
[Date "2019.06.30"]
[Round "4.21"]
[White "Galaktionov, Artem"]
[Black "Najer, Evgeniy"]
[Result "0-1"]
[WhiteElo "2371"]
[BlackElo "2678"]
[Annotator "TA"]
[PlyCount "96"]
[EventDate "2019.06.27"]
[EventType "swiss"]
[EventCountry "RUS"]
[SourceTitle "playchess.com"]
[Source "ChessBase"]
[SourceQuality "1"]

{[%evp 13,96,10,0,0,0,0,0,0,0,0,7,0,-2,-19,-27,-12,-14,-15,-14,-15,-25,-30,-15,-14,0,-2,0,-12,0,-7,-10,-7,-3,-10,-8,-17,0,-181,-176,-181,-168,-168,-173,-171,-173,-178,-173,-179,-168,-231,-197,-271,-268,-271,-261,-317,-324,-314,-296,-435,-202,-360,-354,-316,-300,-411,-279,-258,-267,-250,-243,-373,-369,-474,-360,-360,-710,-876,-353,-557,-462,-571,-571,-29993,-29994]} 1. d4 Nf6 2. Nf3 e6 3. c4 Bb4+ 4. Nbd2 d5 5. a3 Be7 6. e3 O-O 7. b4 a5 8. b5 {E11: Bogo-Indian} c5 9. Bb2 (9. bxc6 bxc6 10. c5 Nfd7 11. Bb2 e5 12. dxe5 Nxc5 13. Be2 Qb6 14. Bc3 Ba6 15. O-O Nbd7 16. Rb1 Bxe2 17. Qxe2 Qa6 18. Qxa6 Rxa6 {½-½ (18) Markus,R (2652)-Palac,M (2577) Mali Losinj 2016}) 9... Nbd7 10. Be2 {The position is equal.} b6 11. O-O Bb7 12. Rc1 Rc8 13. Ne5 $146 ({Predecessor:} 13. dxc5 Nxc5 14. Nd4 Nfe4 15. cxd5 Nxd2 16. Qxd2 Bxd5 {1-0 (41) Arcuti,D (2269)-Curien,N (2175) Basel 2017}) 13... cxd4 14. exd4 Nxe5 15. dxe5 Nd7 16. cxd5 Bxd5 17. Nc4 h6 18. Ne3 Bb7 19. Nc4 Bd5 20. Ne3 Ba8 21. Rxc8 Qxc8 22. Qd4 Rd8 23. Nc4 Bd5 24. Nd6 Qb8 25. Ne4 $2 {[#]} (25. Qg4 $11 {and White has nothing to worry.}) 25... Qxe5 $1 $19 {[%mdl 512]} 26. Qxe5 Nxe5 27. Bxe5 {aiming for Nc3.} Bxe4 28. Rd1 Rxd1+ 29. Bxd1 {[%mdl 4096] Endgame KBB-KBB} Bc5 30. a4 f6 31. Bc3 (31. Bb2 $142) 31... Kf7 32. Bb3 {[#]} (32. Kf1 {is a better defense.}) 32... Ke7 $1 33. Kf1 Kd6 34. g3 Bd5 35. Bc2 Bc4+ 36. Kg2 (36. Ke1 $142) 36... e5 (36... Kd5 $142 {Threatens to win with ...Ba2.} 37. Bd2 Ba2) 37. f3 $2 (37. Bb2 {might work better.}) 37... Bd4 38. Bd2 h5 39. g4 h4 40. g5 Bd5 41. gxf6 gxf6 42. h3 {[#]} (42. Bd1 $142) 42... f5 $1 {[%mdl 512]} 43. Bg5 (43. Bxf5 Bb3) 43... e4 44. Bxh4 exf3+ 45. Kf1 Be4 (45... Bc4+ $142 46. Ke1 Ke5 47. Bg3+ f4) 46. Bb3 (46. Bg3+ {only move.} Kc5 47. Bd1) 46... Bd3+ 47. Ke1 Ke5 48. Bd1 {[#]} f2+ $1 {[%mdl 512] Accuracy: White = 52%, Black = 73%.} 0-1